| 000 | 00714nam a22002417a 4500 | ||
|---|---|---|---|
| 005 | 20180705161908.0 | ||
| 008 | 180608b xxu||||| |||| 00| 0 eng d | ||
| 010 | _aB-167610 | ||
| 020 |
_c195.00 _a8120327861 |
||
| 020 |
_c195.00 _a8120327861 |
||
| 035 | _aB-167610,B-167601 | ||
| 037 | _aBPPD/PUB | ||
| 040 |
_adpl _bEnglish |
||
| 082 | _a621.3825 | ||
| 100 | _aMonojit Mitra | ||
| 245 |
_aSatellite Communication _cby Monojit mitra |
||
| 250 | _a4th ed. | ||
| 260 |
_aNew Delhi _bPrentice hall of india _c2005 |
||
| 270 |
_aM-97, connaught circus _bNew Delhi _e110091 |
||
| 300 |
_axiii, 166p. _c23cm(hb) |
||
| 500 | _aIncludes index | ||
| 942 |
_adpl _cEN _2ddc _h621.3825 _mMIT |
||
| 999 |
_c152621 _d152621 |
||